| 000 | 00482nam a2200181Ia 4500 | ||
|---|---|---|---|
| 008 | 100921s9999 xx 000 0 und d | ||
| 082 |
_b910 _a891.463 थ 62 |
||
| 100 | _aनांगरे बलराम. | ||
| 245 | _aअंतर. | ||
| 260 |
_bपाठक गं.रा. _c1962 |
||
| 300 |
_a120 _b--- |
||
| 365 | _b3 | ||
| 520 | _aललित-कथा. | ||
| 630 | _aअंतर. | ||
| 650 | _aललित-कथा. | ||
| 730 | _aअंतर. | ||
| 942 | _cBOOK | ||
| 999 |
_c750023 _d750020 |
||